|
|
|
|
| LEADER |
00000nab a2200000 a 4500 |
| 001 |
vtls008982329 |
| 003 |
SK-MaSNL |
| 005 |
20260303065203.0 |
| 008 |
140328 1977 xo 000 0 slo |
| 015 |
|
|
|a SNBRB1977
|
| 040 |
|
|
|a SNKBUCL
|b slo
|c SNKBUCL
|e AACR2
|
| 041 |
0 |
|
|a slo
|
| 044 |
|
|
|a xo
|c SK
|
| 080 |
|
|
|a 636.596
|2 2001
|
| 100 |
1 |
|
|a Šušlík, Š.
|4 aut
|9 935854
|
| 245 |
1 |
0 |
|a Slovenský hrvoliak čierny strakoš
|c Š. Šušlík
|
| 650 |
0 |
7 |
|a slovenský hrvoliak (plemeno holubov)
|2 snkbucl
|9 115368
|
| 650 |
0 |
7 |
|a holuby
|2 snkbucl
|9 2798
|
| 650 |
0 |
7 |
|a chov holubov
|2 snkbucl
|9 29973
|
| 773 |
0 |
|
|t Záhradkár, chovateľ
|g Roč. 13, č. 1 (1977), s. 30
|
| 999 |
|
|
|c 1750195
|d 1752125
|